[Event "FRA-chT U20 0405"]
[Site "Agneaux"]
[Date "2004.12.19"]
[Round "4.5"]
[White "Amoyal, Guillaume"]
[Black "Dionisi, Thomas"]
[Result "0-1"]
[WhiteElo "1480"]
[BlackElo "2070"]
[PlyCount "134"]
[EventDate "2004.12.16"]
[EventType "team"]
[EventRounds "7"]
[EventCountry "FRA"]
[SourceTitle "EXT 2006"]
[Source "ChessBase"]
[SourceDate "2005.11.24"]
[SourceVersion "1"]
[SourceVersionDate "2005.11.24"]
[SourceQuality "1"]
[WhiteTeam "Agneaux Saint Lo"]
[BlackTeam "Bois Colombes"]
[WhiteTeamCountry "FRA"]
[BlackTeamCountry "FRA"]

1. e4 e6 2. d4 d5 3. e5 c5 4. c3 Nc6 5. Nf3 Qb6 6. a3 Bd7 7. b4 cxd4 8. cxd4 Nge7 9. Be2 Nf5 10. Be3 Be7 11. 0-0 0-0 12. Nc3 Rac8 13. Na4 Qd8 14. Nc5 b6 15. Nxd7 Qxd7 16. Bb5 Qb7 17. Qe2 Nb8 18. Rac1 a6 19. Bd3 Nxe3 20. Qxe3 Nd7 21. Ng5 g6 22. f4 h6 23. Nh3 Kg7 24. Rf3 Rxc1+ 25. Qxc1 Rc8 26. Qe3 Rc3 27. Bxa6 Rxe3 28. Bxb7 Re1+ 29. Kf2 Rd1 30. Ke3 Ra1 31. Ke2 Ra2+ 32. Kf1 Rd2 33. Rc3 Nf8 34. Rc6 Bd8 35. Rd6 Bc7 36. Rc6 Bd8 37. Rd6 Be7 38. Rxb6 Rxd4 39. Ra6 Rd1+ 40. Ke2 Rc1 41. b5 Ra1 42. b6 Rxa3 43. Rxa3 Bxa3 44. Bc6 Bc5 45. b7 Ba7 46. Kd3 f5 47. Kc3 Kf7 48. Kb4 Ke7 49. Ka5 Kd8 50. Ka6 Bb8 51. Nf2 Nd7 52. g4 Kc7 53. Bxd7 Kxd7 54. gxf5 gxf5 55. h4 Kc6 56. Nd3 d4 57. h5 Kd5 58. Nb4+ Ke4 59. Nc6 Bc7 60. Kb5 d3 61. Nd8 d2 62. Nxe6 Bb8 63. Nc5+ Ke3 64. e6 d1Q 65. e7 Qxh5 66. Kc6 Qe8+ 67. Nd7 h5 0-1

[Event "FRA-chT U20 0203"]
[Site "Clichy"]
[Date "2003.05.04"]
[Round "11.9"]
[White "Amoyal, Guillaume"]
[Black "Abidian, Thibault"]
[Result "1-0"]
[WhiteElo "1460"]
[BlackElo "1160"]
[PlyCount "43"]
[EventDate "2002.12.??"]
[EventType "team-tourn"]
[EventRounds "11"]
[EventCountry "FRA"]
[SourceTitle "EXT 2004"]
[Source "ChessBase"]
[SourceDate "2003.11.25"]
[SourceVersion "1"]
[SourceVersionDate "2003.11.25"]
[SourceQuality "1"]
[WhiteTeam "Agneaux Saint Lo"]
[BlackTeam "Avignon"]
[WhiteTeamCountry "FRA"]
[BlackTeamCountry "FRA"]

1. f4 c5 2. Nf3 d6 3. b3 Nf6 4. Bb2 g6 5. e3 Bg7 6. Be2 0-0 7. 0-0 Nc6 8. Qe1 Bg4 9. Qh4 Bf5 10. Ng5 Bxc2 11. Bxf6 h6 12. Bxg7 Kxg7 13. Nh3 e6 14. Qxd8 Raxd8 15. d3 Bxb1 16. Raxb1 f6 17. Rf3 g5 18. fxg5 hxg5 19. Rg3 Kh6 20. Rf1 Rg8 21. Rxf6+ Kh7 22. Nxg5+ 1-0

[Event "FRA-chT U20 0203"]
[Site "Clichy"]
[Date "2003.01.04"]
[Round "6.8"]
[White "Balliet, Manon"]
[Black "Amoyal, Guillaume"]
[Result "0-1"]
[WhiteElo "1009"]
[BlackElo "1220"]
[PlyCount "80"]
[EventDate "2002.12.??"]
[EventType "team-tourn"]
[EventRounds "11"]
[EventCountry "FRA"]
[SourceTitle "EXT 2004"]
[Source "ChessBase"]
[SourceDate "2003.11.25"]
[SourceVersion "1"]
[SourceVersionDate "2003.11.25"]
[SourceQuality "1"]
[WhiteTeam "Nancy"]
[BlackTeam "Agneaux Saint Lo"]
[WhiteTeamCountry "FRA"]
[BlackTeamCountry "FRA"]

1. e4 c5 2. d4 cxd4 3. Qxd4 Nf6 4. Nc3 Nc6 5. Qe3 e5 6. Bd2 b6 7. 0-0-0 Bc5 8. Qg3 g6 9. Bg5 Be7 10. Nd5 Nxd5 11. Bxe7 Ndxe7 12. Nf3 d6 13. Qg5 h6 14. Qh4 g5 15. Nxg5 Ng6 16. Qh5 Qxg5+ 17. Qxg5 hxg5 18. Rxd6 Nb4 19. Bb5+ Ke7 20. Rhd1 Nxa2+ 21. Kb1 Be6 22. b3 Nc3+ 23. Kc1 Nxd1 24. Rxd1 Rxh2 25. Bc6 Rc8 26. Bd5 Bxd5 27. exd5 Rxg2 28. d6+ Kd7 29. Rd2 Rg1+ 30. Kb2 Rc6 31. c4 Rxd6 32. Rc2 Rg2 33. b4 Rf6 34. f3 Rxc2+ 35. Kxc2 Rxf3 36. Kb2 g4 37. Kc2 g3 38. Kd2 g2 39. Ke2 Rf1 40. c5 g1Q 0-1

[Event "FRA-chT U20 0203"]
[Site "Clichy"]
[Date "2002.12.01"]
[Round "3.10"]
[White "Amoyal, Guillaume"]
[Black "Bensaid, Alexandre"]
[Result "1-0"]
[WhiteElo "1220"]
[BlackElo "1330"]
[PlyCount "75"]
[EventDate "2002.12.??"]
[EventType "team-tourn"]
[EventRounds "11"]
[EventCountry "FRA"]
[SourceTitle "EXT 2004"]
[Source "ChessBase"]
[SourceDate "2003.11.25"]
[SourceVersion "1"]
[SourceVersionDate "2003.11.25"]
[SourceQuality "1"]
[WhiteTeam "Neuilly"]
[BlackTeam "Agneaux Saint Lo"]
[WhiteTeamCountry "FRA"]
[BlackTeamCountry "FRA"]

1. f4 d5 2. Nf3 Bg4 3. e3 Nf6 4. b3 e6 5. Bb2 Bd6 6. Be2 0-0 7. 0-0 Nc6 8. Qe1 Re8 9. Qh4 Bf5 10. Ng5 h6 11. Nh3 Ne4 12. Qh5 Bg6 13. Qg4 Nf6 14. Qg3 a6 15. Nf2 Nb4 16. Ng4 Nxg4 17. Qxg4 Nxc2 18. h4 Bf8 19. h5 Bf5 20. Qg3 Nxa1 21. Bxa1 f6 22. Bg4 Bxg4 23. Qxg4 Qd7 24. f5 exf5 25. Rxf5 Re4 26. Qg6 Qf7 27. Qg3 c6 28. Rxf6 Qxh5 29. Rxf8+ Kxf8 30. Qxg7+ Ke8 31. Qg8+ Kd7 32. Qxa8 Kc7 33. Qh8 Qd1+ 34. Kh2 Qxb1 35. Qh7+ Kb6 36. Bd4+ Kb5 37. Qxb7+ Ka5 38. Qb6# 1-0

[Event "FRA-chT U20 0203"]
[Site "Clichy"]
[Date "2002.11.30"]
[Round "1.10"]
[White "Amoyal, Guillaume"]
[Black "Gallant, Aurelien"]
[Result "1-0"]
[WhiteElo "1220"]
[BlackElo "1340"]
[PlyCount "51"]
[EventDate "2002.12.??"]
[EventType "team-tourn"]
[EventRounds "11"]
[EventCountry "FRA"]
[SourceTitle "EXT 2004"]
[Source "ChessBase"]
[SourceDate "2003.11.25"]
[SourceVersion "1"]
[SourceVersionDate "2003.11.25"]
[SourceQuality "1"]
[WhiteTeam "Agneaux Saint Lo"]
[BlackTeam "Sautron"]
[WhiteTeamCountry "FRA"]
[BlackTeamCountry "FRA"]

1. f4 d5 2. b3 Nc6 3. Bb2 Bf5 4. Nf3 Nf6 5. e3 e6 6. Be2 Nb4 7. d3 Be7 8. 0-0 c5 9. a3 Nc6 10. Qe1 d4 11. Qg3 0-0 12. Ng5 h6 13. e4 Nh7 14. Nxh7 Bxh7 15. f5 e5 16. Bc1 Kh8 17. Nd2 Na5 18. Nf3 Rg8 19. Nxe5 Qe8 20. Bh5 g5 21. fxg6 fxg6 22. Be2 Rf8 23. Bxh6 Rxf1+ 24. Rxf1 Qg8 25. Nf7+ Qxf7 26. Rxf7 1-0